000
00279nam a2200109Ia 4500
008
220204s9999 xx 000 0 und d
082
_a
030.8:801.481.2
_b
RAM
100
_a
Ramalingam Pillai, T
245
0
_a
Malayalam Sailee Nighantu
260
_a
Kottayam
_b
D C
_c
1975
942
_c
BK
999
_c
23161
_d
23161